How to prepare for the civil service examinations for stenographer, typist, clerk, and office machine operator /

Bibliographic Details
Main Author: Bobrow, Jerry
Other Authors: Orton, Peter Z., Covino, William A.
Format: Book
Language:English
Published: Woodbury, N.Y. : Barron's Education Series, [1986]
Subjects:

MARC

Tag First Indicator Second Indicator Subfields
LEADER 00000cam a2200000 a 4500
001 in00000007070
005 20151004080022.0
008 851204s1986 nyu 00010 eng
010 |a  85028772  
020 |a 0812028627 (pbk.) :  |c $8.95 ($12.95 Can.) 
035 |a (OCoLC)12946625 
035 |9 AAA1538AM 
040 |a DLC  |c DLC  |d m/c  |d TXA  |d UtOrBLW 
043 |a n-us--- 
049 |a TXAM  |c [A12575440] 
050 0 0 |a JK717.C54  |b B63 1986 
082 0 |a 651.3/741/076  |2 19 
100 1 |a Bobrow, Jerry. 
245 1 0 |a How to prepare for the civil service examinations for stenographer, typist, clerk, and office machine operator /  |c by Jerry Bobrow, in collaboration with Peter Z. Orton, William Covino. 
264 1 |a Woodbury, N.Y. :  |b Barron's Education Series,  |c [1986] 
264 4 |c ©1986 
300 |a xiii, 288 pages ;  |c 28 cm. 
336 |a text  |b txt  |2 rdacontent 
337 |a unmediated  |b n  |2 rdamedia 
338 |a volume  |b nc  |2 rdacarrier 
650 0 |a Civil service  |z United States  |x Examinations. 
650 0 |a Clerical ability and aptitude tests. 
700 1 |a Orton, Peter Z. 
700 1 |a Covino, William A. 
999 |a MARS 
999 f f |s 7a3ea70e-c19a-3eef-9864-a2a9c960755e  |i c8d11b15-d1e2-355a-a006-038845aec1b0  |t 0